000 00207nam a2200097Ia 4500
008 220204s9999 xx 000 0 und d
082 _a82-7
_bPAT
100 _aS M
245 0 _aGo easy on laughs
942 _cBK
999 _c35013
_d35013